Irrigation And Drainage (Record no. 14212)
[ view plain ]
| 000 -LEADER | |
|---|---|
| fixed length control field | 00282nam a22001217a 4500 |
| 020 ## - INTERNATIONAL STANDARD BOOK NUMBER | |
| ISBN | 9789350302040 |
| 082 ## - DEWEY DECIMAL CLASSIFICATION NUMBER | |
| Classification number | 631.5871 |
| Item number | GUP/IR |
| 100 ## - MAIN ENTRY--AUTHOR NAME | |
| Personal name | A.K. Gupta |
| 245 ## - TITLE STATEMENT | |
| Title | Irrigation And Drainage |
| 260 ## - PUBLICATION, DISTRIBUTION, ETC. (IMPRINT) | |
| Place of publication | New Delhi |
| Name of publisher | Oxford Book Company |
| Year of publication | 2014 |
| 300 ## - PHYSICAL DESCRIPTION | |
| Number of Pages | 304 |
| 942 ## - ADDED ENTRY ELEMENTS (KOHA) | |
| Koha item type | Books |
| Withdrawn status | Lost status | Damaged status | Collection code | Home library | Current library | Shelving location | Date acquired | Source of acquisition | Cost, normal purchase price | Full call number | Accession Number | Koha item type |
|---|---|---|---|---|---|---|---|---|---|---|---|---|
| KAUAET | KAUAET | General Stacks | 04/06/2016 | SouthernBook Center, Tvm | 2495.00 | 631.5871 GUP/IR | 24908 | Books |
